| 000 | 00346nam a2200133Ia 4500 | ||
|---|---|---|---|
| 008 | 240112s1975 JAN-DEC xx 000 0 und d | ||
| 041 | _aeng | ||
| 082 | _a617.9603 | ||
| 100 | _aMILLAR R.A. | ||
| 245 | _aBRITISH JOURNAL OF ANAESTHESIA | ||
| 260 |
_bJOHN SHERRATT & SON LTD. _c1975 JAN-DEC |
||
| 300 |
_a1365,HB _c(1-12) |
||
| 440 | _v47 | ||
| 999 |
_c1142228 _d1142228 |
||